| 000 | 00458nam a2200181Ia 4500 | ||
|---|---|---|---|
| 003 | OSt | ||
| 005 | 20260312151213.0 | ||
| 008 | 250729s1995 xx 000 0 und d | ||
| 040 | _cAL | ||
| 041 | _aeng | ||
| 082 | _a372.8 CENJ | ||
| 100 |
_aCenter for Enviournment Education _9230097 |
||
| 245 | _aJoy of learning | ||
| 260 |
_aAhamadabad _bCenter for Enviournment Education _c1995 |
||
| 300 | _a75p | ||
| 650 |
_aEducation _9230098 |
||
| 942 |
_2ddc _cBED |
||
| 999 |
_c238611 _d238611 |
||